| 000 | 01128nas a2200361 4500 | ||
|---|---|---|---|
| 001 | BR8103666 | ||
| 003 | BR-BrBNA | ||
| 005 | 20231205084806.0 | ||
| 007 | ta | ||
| 008 | 230509b bl.|||p| |||| 00| 00por d | ||
| 040 |
_aBR-BrBNA _bpor _cBiblioteca Nacional de Agricultura |
||
| 041 | _a(Pt) | ||
| 072 | _aF25 | ||
| 100 | 1 | _aManhaes, M. dos S. | |
| 100 | 1 | _aAzeredo, D.F. | |
| 100 | 1 | _aRobaina, A.A. | |
| 100 | 1 | _aVieira, J.R. | |
| 245 | 1 | _aCalibracao de fosforo disponivel para cana-de-acucar em solos dos Estados do Rio de Janeiro, Espirito Santo e Minas Gerais (Zona da Mata)[Saccharum spp; Nutricao vegetal; Brasil] | |
| 650 | _aFertilidade do solo | ||
| 650 | _aFertilizante fosfatado | ||
| 650 | _aCana de acucar | ||
| 650 | _aFosforo | ||
| 650 | _aMineral | ||
| 650 | _aDisponibilidade | ||
| 650 | _aSolo | ||
| 650 | _aNutricao vegetal | ||
| 650 | _aRio de Janeiro | ||
| 650 | _aMinas Gerais | ||
| 650 | _aEspirito Santo | ||
| 773 | 0 |
_tBrasil Acucareiro (Brazil) _xISSN 0006-9167 _g(Feb 1981), v. 97(2) p. 50-56 _wBR8103666 |
|
| 909 |
_a202311 _bLúcia _c55 _dLúcia Elande |
||
| 942 |
_2AGRIS _n0 _cANA |
||
| 999 |
_c107300 _d107300 |
||